paroles Dommage - Bigflo & Oli - Statistiques

Statistiques générales
  • Ce quiz a été pris 713 fois
  • Le résultat moyen est 351 sur 500
Statistiques - réponses
Hint Réponse % Correct
27 Ce
99%
34 | 74 ce
99%
66 | 96 | 111 | +9 others a
98%
132 | 138 | 162 | +4 others à
98%
396 A
98%
91 | 135 | 198 | +6 others le
98%
9 | 49 | 88 | +3 others Il
97%
22 | 40 | 55 | +7 others il
97%
6 | 24 | 97 | +6 others tous
97%
123 | 169 | 182 | +4 others de
96%
4 bus
95%
76
95%
79 l'a
95%
107 | 121 | 126 | +15 others la
95%
7 | 25 | 164 | +2 others les
95%
3 | 15 | 142 | 249 son
95%
364 Son
95%
33 | 100 | 103 | +18 others c'est
94%
105 | 212 | 235 | +2 others C'est
94%
93 | 200 | 223 | 433 crois
93%
30 | 58 | 243 au
92%
5 comme
92%
268 Comme
92%
101 | 104 | 208 | +15 others dommage
92%
44 | 45 | 64 | +12 others elle
91%
195 | 351 | 386 | +2 others Elle
91%
41 | 46 | 56 | +9 others est
90%
8 matins
90%
2 | 377 prend
90%
53 | 86 | 193 | +3 others y
90%
20 | 65 | 144 | +3 others lui
89%
48 | 113 | 350 belle
88%
11 | 309 | 391 | 397 cette
88%
13 fille
88%
63 | 109 | 216 | +3 others fois
88%
1 | 39 Louis
88%
54 | 87 | 194 | +2 others aller
86%
85 | 90 | 192 | +6 others
86%
245 | 362 du
86%
43 | 72 Et
86%
166 et
86%
14 | 485 | 494 avec
85%
108 | 215 | 238 | +3 others dernière
85%
17 parfum
84%
82 | 189 | 217 | +2 others Ah
83%
99 | 102 | 206 | +11 others ah
83%
84 | 89 | 191 | +6 others aurait
83%
16 doux
83%
92 | 199 | 222 | +4 others faire
83%
38 | 141 | 171 | 299 Mais
83%
98 | 205 | 228 | +4 others dit
82%
75 jour
82%
95 | 202 | 225 | +4 others On
82%
47 si
82%
311 que
81%
148 | 408 | 410 un
81%
31 | 59 | 244 fond
79%
94 | 201 | 224 | 434 moi
79%
125 | 298 vie
79%
50 | 78 | 263 | +2 others ne
78%
21 parler
78%
52 | 266 | 292 | +3 others pas
78%
42 timide
78%
157 | 357 | 486 | +2 others des
77%
18 Qu'elle
77%
117 | 348 | 393 qu'elle
77%
26 jours
74%
28 qu'il
73%
62 Une
73%
112 une
73%
12 | 370 même
72%
36 appel
71%
23 espère
71%
37 l'amour
71%
35 qu'on
70%
124 | 129 | 286 | +2 others sa
70%
80 jamais
69%
68 | 184 | 252 quand
69%
374 Quand
69%
81 revu
68%
106 | 213 | 236 | +2 others p't'être
67%
29 ressent
67%
61 siège
67%
67 souri
67%
73 depuis
66%
19 vienne
66%
51 | 282 | 369 veut
65%
120 Dans
64%
176 dans
64%
57 collé
62%
60 d'son
61%
114 voix
60%
32 d'lui
59%
71 descendue
58%
110 | 172 Yasmine
56%
143 père
55%
116 sait
55%
119 douée
54%
10 croisa
53%
127 musique
53%
133 | 139 ses
53%
258 Ses
53%
130 bouée
51%
179 Ca
49%
498 ça
49%
122 tempête
48%
146 trouve
48%
149 vrai
47%
150 métier
46%
147 toi
46%
354 tout
46%
300 mon
44%
136 monde
38%
140 pieds
38%
145 répétait
38%
134 mélodies
35%
131 Face
34%
188 l'usine
33%
159 Sur
33%
353 sur
33%
186 travaille
31%
183 chanter
30%
246 canapé
29%
240 | 277 | 302 Diego
29%
158 projecteurs
28%
156 lumière
27%
178 routine
27%
154 sous
27%
175 coincée
26%
170 fleurs
26%
153 s'imagine
26%
181 arrive
25%
168 jets
25%
151 Parfois
25%
242 affalé
23%
165 compliments
23%
163 recevoir
22%
400
21%
174 rouillée
21%
161 scène
20%
259 amis
19%
417 danse
19%
255 devant
19%
251 frère
19%
257 télé
19%
363 ciel
18%
310 soirée
18%
361 couleur
17%
382 pour
17%
260 sont
17%
365 mari
16%
254 passe
16%
342 Pauline
16%
295 femme
15%
250 p'tit
15%
267 suivis
15%
379 bras
14%
307 C'était
14%
261 sortis
14%
272 Lune
13%
314 rencontrer
13%
276 compagnie
12%
490 regrets
12%
303 tu
12%
385 danser
11%
483 | 492 mieux
11%
487 | 496 remords
11%
270 seul
11%
269 souvent
11%
275 tenir
11%
326 crois-moi
10%
347 oublie
10%
283 rien
10%
358 taches
10%
312 t'allais
10%
304 t'es
10%
279 triste
10%
405 valise
10%
482 | 491 Vaut
10%
273 viendra
10%
484 | 493 vivre
10%
398 après
9%
414 Après
9%
356 corps
9%
289 déprime
9%
345 discrète
9%
248 engeule
9%
403 fait
9%
301 pauvre
9%
373 penser
9%
366 rentre
9%
305 tellement
9%
367 bientôt
8%
457 | 463 ha
8%
460 | 476 Ha
8%
287 nuit
8%
488 qu'avec
8%
306 trompé
8%
293 trouver
8%
411 fils
7%
387 repense
7%
402 | 407 avait
6%
390 mairie
6%
421 relevée
6%
500 secret
6%
419 s'est
6%
392 décision
5%
399 midi
5%
395 prise
5%
413 élever
4%
409 avenir
3%
Aucun quiz correspondant
Distribution des résultats
% des personnes avec chaque résultat
Percentile par nombre de réponses
Votre historique - résultats
Vous n’avez pas pris ce quiz